000 00432nam a2200169Ia 4500
008 151213s9999 xx 000 0 und d
020 _a007222680-3
100 _aHerbert ,Schildt
245 _aThe Computer Reference C++
_cHerbert ,Schildt
250 _a4 th
260 _aNew Delhi
_bMc Grow Hill
_c2007
300 _a4083 p.
650 _aComputer
650 _aComputer Language
700 _aHerbert ,Schildt
999 _c2560
_d2560